000 00386nam a2200145 a 4500
005 20140412111248.0
008 020516s19uu xx 00 eng d
050 _aTR(GS 030
_bEa7Sh 1987
245 _aThe shortcut.
260 _a[s.l.] :
_bWorld Book Inc,
_c1987.
300 _a1 v. (unp.) ; ill.
440 _aEarly World of Learning
650 _aChildren stories
999 _c103019
_d103019